| 000 | 01586nam a2200445 i 4500 | ||
|---|---|---|---|
| 001 | 55137 | ||
| 003 | KOSZ 005 | ||
| 005 | 20221222084239.0 | ||
| 008 | 080825s2008 pl a f f |001 0 pol | ||
| 015 | _aPB 2008/21537 | ||
| 020 | _a9788301153670 | ||
| 035 | _a(OCoLC)749778687 | ||
| 040 |
_aWA N _cWA N _dKOSZ 005/HR |
||
| 046 | _k2008 | ||
| 080 | _a640.41/.42 | ||
| 080 | _a(075.8) | ||
| 245 | 0 | 0 |
_aHotelarstwo : _busługi - eksploatacja - zarządzanie / _cred. nauk. Aleksander Panasiuk, Daniel Szostak ; [aut. Anna Dołowy et al.]. |
| 260 |
_aWarszawa : _bWydawnictwo Naukowe PWN, _c2008. |
||
| 300 |
_a377, [1] s. : _bil. ; _c24 cm. |
||
| 336 |
_2rdacontent _aTekst _btxt |
||
| 337 |
_2rdamedia _aBez urządzenia pośredniczącego _bn |
||
| 338 |
_2rdacarrier _aWolumin _bnc |
||
| 380 | _aKsiążki | ||
| 380 | _aPublikacje dydaktyczne | ||
| 385 |
_mPoziom nuaczania _aSzkoły wyższe |
||
| 388 | _a2001- | ||
| 490 | 1 | _aTurystyka. | |
| 504 | _aBibliogr. s. 364-367. Indeks. | ||
| 650 | 4 | _aHotelarstwo | |
| 655 | 4 | _aPodręczniki akademickie | |
| 658 | _aGospodarka, ekonomia, finanse | ||
| 700 | 1 |
_aPanasiuk, Aleksander _d(1965- ) _eRedakcja _eAutor |
|
| 700 | 1 |
_aSzostak, Daniel _eRedakcja _eAutor |
|
| 700 | 1 |
_aDołowy, Anna _eAutor |
|
| 710 | 2 |
_aWydawnictwo Naukowe PWN _4pbl. |
|
| 830 | 0 | _aTurystyka - Wydawnictwo Naukowe PWN | |
| 856 |
_uhttp://koha.tu.koszalin.pl/cgi-bin/koha/opac-detail.pl?biblionumber=55137 _yKatalog online BPK |
||
| 856 |
_uhttp://libra.ibuk.pl/book/659 _yIBUK |
||
| 942 |
_2UKD _cKS |
||
| 999 |
_c55137 _d55137 |
||